[Event "Foligno op"]
[Site "Foligno"]
[Date "2010.06.04"]
[Round "2"]
[White "Gennari, Dario"]
[Black "Ballarini, Martin"]
[Result "0-1"]
[WhiteElo "1836"]
[BlackElo "1461"]
[PlyCount "74"]
[EventDate "2010.06.04"]
[EventType "swiss"]
[EventRounds "6"]
[EventCountry "ITA"]
[SourceTitle "CBM 136 Extra"]
[Source "ChessBase"]
[SourceDate "2010.07.02"]
[SourceVersion "2"]
[SourceVersionDate "2010.07.15"]
[SourceQuality "1"]

1. d4 Nf6 2. c4 c5 3. d5 e6 4. Nc3 exd5 5. cxd5 d6 6. e4 a6 7. a4 g6 8. Nf3 Nbd7 9. Be2 Bg7 10. Bf4 Qe7 11. Qc2 0-0 12. 0-0 Re8 13. Nd2 Ne5 14. Bg5 h6 15. Bh4 g5 16. Bg3 h5 17. f4 gxf4 18. Bxf4 Ng6 19. Bg5 Qe5 20. Nf3 Qe7 21. Rae1 Ne5 22. Nh4 Ng6 23. Nf5 Bxf5 24. Rxf5 Nf8 25. Bxh5 N8h7 26. Bh4 Qd7 27. Ref1 Nxh5 28. Rxh5 Qg4 29. Rxh7 Kxh7 30. Qf2 Bd4 31. Qxd4 cxd4 32. Rxf7+ Kg6 33. Rf6+ Kg7 34. g3 dxc3 35. bxc3 Rf8 36. Rxd6 Qh3 37. Rd7+ Kg8 0-1

[Event "Perugia op 1st"]
[Site "Perugia"]
[Date "2009.09.26"]
[Round "4"]
[White "Romano, Claudio"]
[Black "Gennari, Dario"]
[Result "0-1"]
[WhiteElo "1770"]
[BlackElo "1721"]
[PlyCount "85"]
[EventDate "2009.09.25"]
[EventType "swiss"]
[EventRounds "5"]
[EventCountry "ITA"]
[SourceTitle "CBM 132 Extra"]
[Source "ChessBase"]
[SourceDate "2009.11.03"]
[SourceVersion "1"]
[SourceVersionDate "2009.11.03"]
[SourceQuality "1"]

1. d4 d5 2. Nf3 Nf6 3. g3 g6 4. Bg2 Bg7 5. 0-0 0-0 6. c4 c6 7. Nc3 Nbd7 8. Re1 Re8 9. cxd5 cxd5 10. Qc2 Nb6 11. Bf4 Bd7 12. Rad1 Rc8 13. Ne5 Bf5 14. Qd2 Nc4 15. Nxc4 Rxc4 16. b3 Rc6 17. e4 dxe4 18. Nxe4 Nxe4 19. Bxe4 Bxe4 20. Rxe4 e6 21. h4 Qc8 22. Kg2 Rd8 23. Be3 Rc2 24. Qa5 f5 25. Rxe6 b6 26. Qxa7 Qxe6 27. Re1 Qd5+ 28. Kh3 Re8 29. Bh6 Be5 30. dxe5 Qf7 31. Qxb6 f4 32. Qf6 Qxf6 33. exf6 Rxe1 34. Bxf4 Rxa2 35. Be3 Kf7 36. b4 Rb1 37. Bc5 Kxf6 38. Kg4 Ra4 39. Bd4+ Kf7 40. f4 Raxb4 41. Be5 R4b3 42. Bc7 Rb5 43. Be5 0-1